000 00357nam a22001577a 4500
003 OSt
005 20211130094920.0
008 211130b |||||||| |||| 00| 0 eng d
020 _a8122418252
040 _cHU
100 _aH.M.RAGHUNATH
_921040
245 _aHYDROLOGY PRINCIPLES
260 _aINDIA
_bHALL
_c2006
300 _a463
942 _2ddc
_cBOOKS
_n0
999 _c20670
_d20670